| 000 | 00499nam a22001697a 4500 | ||
|---|---|---|---|
| 999 |
_c3402 _d3402 |
||
| 003 | OSt | ||
| 005 | 20181112175717.0 | ||
| 008 | 181112b ||||| |||| 00| 0 eng d | ||
| 040 | _cDLC | ||
| 082 |
_a242.2 _bH893E |
||
| 100 | _aHughes, Selwyn | ||
| 245 |
_aEvery Day With Jesus : _bGod's One And Only Published Work / _cBy Selwyn Hughes. |
||
| 260 |
_aHydrebad, India : _bArunodhaya Printers House, _c2011. |
||
| 300 | _a60 p.: | ||
| 650 |
_aWalking With Jesus _xEvery Day Devotions |
||
| 942 |
_2ddc _cBK |
||